Classification Décimale Universelle. (Record no. 191503)

MARC details
000 -LEADER
campo de control de longitud fija 00839cam a2200241 i 4500
001 - NÚMERO DE CONTROL
campo de control 191503
003 - IDENTIFICADOR DE NÚMERO DE CONTROL
campo de control SpMaBN
005 - FECHA Y HORA DE LA ÚLTIMA TRANSACCIÓN
campo de control 20250727150807.0
008 - DATOS DE LONGITUD FIJA--INFORMACIÓN GENERAL
campo de control de longitud fija 220926m19671973be 0011 fre d
016 7# - NÚMERO DE CONTROL DE UNA AGENCIA BIBLIOGRÁFICA NACIONAL
Número de control del registro bimoBNE19931090291
Número de control cancelado/no válido BIB92000004841 [
Fuente SpMaBN]
035 ## - NÚMERO DE CONTROL DEL SISTEMA
Número de control de sistema (OCoLC)433877334
040 ## - FUENTE DE CATALOGACIÓN
Centro catalogador/agencia de origen SpMaBN
Lengua de catalogación spa
Centro/agencia transcriptor SpMaBN
Normas de descripción rdc
080 ## - NÚMERO DE LA CLASIFICACIÓN DECIMAL UNIVERSAL
Número de la Clasificación Decimal Universal 025.45 CDU
245 00 - MENCIÓN DEL TÍTULO
Título Classification Décimale Universelle.
250 ## - MENCION DE EDICION
Mención de edición Ed. moyenne internationale.
260 ## - PUBLICACIÓN, DISTRIBUCIÓN, ETC.
Lugar de publicación, distribución, etc. Bruxelles :
Nombre del editor, distribuidor, etc. Mundaneum,
Fecha de publicación, distribución, etc. 1967-1973.
300 ## - DESCRIPCIÓN FÍSICA
Extensión 2 v. ;
Dimensiones 30 cm.
505 0# - NOTA DE CONTENIDO CON FORMATO
Nota de contenido con formato Comprende : T. 1. Tables systématiques, 1967 ­ T. 2. Tables alphabétiques, 1973
650 #7 - PUNTO DE ACCESO ADICIONAL DE MATERIA--TÉRMINO DE MATERIA
Término de materia o nombre geográfico como elemento de entrada Clasificación decimal universal
Fuente del encabezamiento o término embne
9 (RLIN) 164660
852 ## - LOCALIZACIÓN
Ubicación ES-MaACL
Número de control de estantería A-15122
itemnumber 198724
Sublocalización o colección R.573.049
Ubicación en estantería Depósito 1
Signatura antigua Olim: 025.45 CDU (1973)
942 ## - ELEMENTOS DE ENTRADA SECUNDARIOS (KOHA)
Fuente del sistema de clasificación o colocación Clasificación decimal universal
Holdings
Estatus retirado Estado de pérdida Fuente del sistema de clasificación o colocación Estado de daño No para préstamo Colección Biblioteca de origen Biblioteca actual Ubicación en estantería Fecha de adquisición Total de préstamos Signatura topográfica completa Código de barras Visto por última vez Precio de reemplazo Tipo de ítem Koha
    Clasificación decimal universal     Biblioteca profesional Biblioteca del Ateneo de Madrid Biblioteca del Ateneo de Madrid Depósito 1 26/09/2022   A-15122 1203871 23/02/2023 23/02/2023 Libro impreso